000 01137nam0a22003011 4500
001 rc\4116900
005 20260406083907.0
021 _aRU
_b[50-4502]
035 _a(NLR Aleph) 008149482
090 _a7775996
_c7775996
100 _a20130415d1950 |||y0rusy50 ca
101 0 _arus
102 _aRU
105 _aa z |||a|
200 1 _aВеселая семейка
_e[Рассказ]
_fРис. И. Семенова
210 _aМосква
_aЛенинград
_cизд-во и ф-ка дет. книги Детгиза в М.
_d1950
215 _a100 с.
_cил.
_d21
225 1 _aШкольная библиотека
_i[Для начальной школы]
300 _aПеред загл. авт.: Н. Носов
606 _aДети в СССР (д. л.)
_2psbo
700 1 _aНосов
_bН.Н.
_f1908-
_gНиколай Николаевич
702 1 _4440
_aСемёнов
_bИ. М.
_cхудожник
_f1906-1982
_gИван Максимович
_934149
_3RU\NLR\AUTH\7751215
801 0 _aRU
_bNLR
_gpsbo
801 1 _aRU
_bELAR
_2rusmarc
852 _aNLR
_jДл02 Г-3/722
942 _cBOOK
980 _aNB